[Event "Doeberl Cup Minor 48th"]
[Site "Canberra"]
[Date "2010.04.03"]
[Round "3"]
[White "Parker, Trent"]
[Black "Xue, Ollie"]
[Result "0-1"]
[WhiteElo "1556"]
[BlackElo "971"]
[PlyCount "122"]
[EventDate "2010.04.02"]
[EventType "swiss"]
[EventRounds "7"]
[EventCountry "AUS"]
[SourceTitle "EXT 2012"]
[Source "ChessBase"]
[SourceDate "2011.11.24"]
[SourceVersion "1"]
[SourceVersionDate "2011.11.24"]
[SourceQuality "1"]

1. d4 d5 2. c4 e6 3. Nc3 Nf6 4. cxd5 exd5 5. Bg5 c6 6. e3 Bf5 7. Qb3 b6 8. Nf3 Be7 9. Be2 0-0 10. 0-0 Nbd7 11. Rac1 Re8 12. Na4 b5 13. Bxf6 Nxf6 14. Nc5 Nd7 15. Nxd7 Qxd7 16. Ne5 Qb7 17. Nxc6 a6 18. Nxe7+ Rxe7 19. Bf3 Rd7 20. Rc5 Be6 21. Rfc1 Rdd8 22. a4 Rdc8 23. Bxd5 Bxd5 24. Qxd5 Rxc5 25. Qxc5 bxa4 26. g3 g6 27. Qc6 Rb8 28. Qxa4 Qxb2 29. Ra1 Rb6 30. Qe8+ Kg7 31. Ra5 Rf6 32. Kh1 Rxf2 33. Qe5+ Rf6 34. g4 Qe2 35. Ra1 Qf3+ 36. Kg1 Qxg4+ 37. Kh1 Qe6 38. Qg3 Qe4+ 39. Kg1 Rf3 40. Qc7 Qxe3+ 41. Kh1 Qxd4 42. Rc1 Qe4 43. Kg1 Qg4+ 44. Kh1 Rf2 45. Qe5+ Kh6 46. Qe3+ Qf4 47. Qh3+ Kg7 48. Kg1 Qxc1+ 49. Kxf2 Qc2+ 50. Kg1 Qc4 51. Kh1 a5 52. Qg3 Qb4 53. Qe3 Qb2 54. h4 h5 55. Qa7 Qb4 56. Qf2 a4 57. Qg3 Qb2 58. Qf2 a3 59. Kg2 Qxf2+ 60. Kh3 Qf3+ 61. Kh2 a2 0-1

[Event "Doeberl Cup Minor 48th"]
[Site "Canberra"]
[Date "2010.04.02"]
[Round "1"]
[White "Qiao, Shan Shan"]
[Black "Xue, Ollie"]
[Result "1/2-1/2"]
[WhiteElo "1332"]
[BlackElo "971"]
[PlyCount "100"]
[EventDate "2010.04.02"]
[EventType "swiss"]
[EventRounds "7"]
[EventCountry "AUS"]
[SourceTitle "EXT 2012"]
[Source "ChessBase"]
[SourceDate "2011.11.24"]
[SourceVersion "1"]
[SourceVersionDate "2011.11.24"]
[SourceQuality "1"]

1. e4 e5 2. Nf3 Nc6 3. Bc4 Nf6 4. Ng5 d5 5. exd5 Na5 6. Bb5+ c6 7. dxc6 bxc6 8. Qf3 Bb7 9. Ba4 Bd6 10. Nc3 0-0 11. d3 h6 12. Nge4 Nd5 13. Qg3 Kh8 14. Qh3 Bc8 15. Qh5 Nf6 16. Nxf6 Qxf6 17. Ne4 Qe6 18. a3 Be7 19. b4 Nb7 20. Bb3 Qf5 21. Qxf5 Bxf5 22. Bb2 f6 23. 0-0 Nd6 24. Rfe1 a5 25. bxa5 Rxa5 26. Bc3 Ra7 27. Bb4 Nxe4 28. Bxe7 Rxe7 29. dxe4 Be6 30. Red1 Rb8 31. Rab1 Reb7 32. Rd3 c5 33. Rbd1 Bxb3 34. cxb3 Rxb3 35. f3 c4 36. Rxb3 Rxb3 37. Rc1 c3 38. a4 Kg8 39. a5 Ra3 40. Kf2 Rxa5 41. Rxc3 Ra2+ 42. Kg3 Kf7 43. Rc7+ Kg6 44. Rd7 Rc2 45. h4 h5 46. Rd1 Kf7 47. Rd8 Kg6 48. Kh3 Rc4 49. Rd6 Rd4 50. Rc6 Rd3 1/2-1/2

[Event "Doeberl Cup Minor 48th"]
[Site "Canberra"]
[Date "2010.04.02"]
[Round "2"]
[White "Xue, Ollie"]
[Black "Kenmure, Jamie"]
[Result "1-0"]
[WhiteElo "971"]
[BlackElo "1438"]
[PlyCount "81"]
[EventDate "2010.04.02"]
[EventType "swiss"]
[EventRounds "7"]
[EventCountry "AUS"]
[SourceTitle "EXT 2012"]
[Source "ChessBase"]
[SourceDate "2011.11.24"]
[SourceVersion "1"]
[SourceVersionDate "2011.11.24"]
[SourceQuality "1"]

1. e4 e6 2. d4 d5 3. Nd2 dxe4 4. Nxe4 Bd7 5. Bd3 Bc6 6. Nf3 Bxe4 7. Bxe4 c6 8. 0-0 Nf6 9. Bd3 Qc7 10. c4 Bd6 11. h3 0-0 12. Qc2 Bf4 13. Re1 Bxc1 14. Raxc1 h6 15. Rcd1 Nbd7 16. Ne5 Rfd8 17. Nxd7 Rxd7 18. Be4 Rad8 19. Qc3 Nxe4 20. Rxe4 Kf8 21. Qa3+ Kg8 22. Qxa7 Qd6 23. Qa5 Qe7 24. Qc3 Qf6 25. c5 Kh7 26. a4 Rd5 27. b4 Qe7 28. Rd2 Qd7 29. b5 e5 30. bxc6 bxc6 31. Qc2 g6 32. Qc4 Kg7 33. Kf1 f5 34. Re3 e4 35. Rb3 Kf6 36. Rb6 Rxd4 37. Rxd4 Qxd4 38. Rxc6+ Ke5 39. Re6+ Kf4 40. g3+ Kf3 41. Qe2# 1-0